Doing business 2009 : Middle East & North Africa.
| Format: | Book |
|---|---|
| Published: |
Washington, DC:
The World Bank,
2008.
|
| Subjects: |
| LEADER | 00471cam a2200157 7i4500 | ||
|---|---|---|---|
| 001 | 0000022642 | ||
| 005 | 20090423090000.0 | ||
| 020 | 0 | 0 | |a 978-0-8213-7609-6 |
| 090 | 0 | 0 | |a AFRI 338.7 |b DOI |
| 245 | 0 | 0 | |a Doing business 2009 : |b Middle East & North Africa. |
| 260 | 0 | 0 | |a Washington, DC: |b The World Bank, |c 2008. |
| 300 | # | # | |a 34 p. |
| 650 | 0 | 0 | |a Business -- |z Africa |
| 650 | 0 | 0 | |a Doing business -- |z Africa |
| 651 | 0 | 0 | |a Africa |
| 999 | |a 0000023350 |b Book |c Regions |e Business Information Centre | ||


